000 00656nas a2200229 4500
001 BR9203200
003 BR-BrBNA
005 20231205092618.0
007 ta
008 230509b bl.|||p| |||| 00| 00por d
040 _aBR-BrBNA
_bpor
_cBiblioteca Nacional de Agricultura
041 _a(Pt)
072 _aF01; F04
100 1 _aUngaretti, G.
245 1 _aMudas em bandeja: quem acreditou ta rindo a toa
650 _aMUDA
650 _aPRATICA CULTURAL
650 _aVERMICULITA
773 0 _tManchete Rural (Brazil)
_xISSN 0102-8901
_g(Jul 1988), v. 2(16) p. 16-17
_wBR9203200
909 _a202311
_bLúcia
_c55
_dLúcia Elande
942 _2AGRIS
_n0
_cANA
999 _c132880
_d132880